CRITICA DEL PODER PERIODISMO REAL E IMAGINARIO DESDE 1968 /

INDICE.

Guardado en:
Bibliografiske detaljer
Hovedforfatter: Cosío Villegas, Daniel (autor)
Format: Bog
Fag:
Tags: Tilføj Tag
Ingen Tags, Vær først til at tagge denne postø!

MARC

LEADER 00000nam^a2200000^a^4500
001 000229644
005 20250521000000.0
009 20260310104407.202
020 |a 968-6932-89-5 
035 |a 052550 
037 |a Acervo Xavier Clavigero 
082 |a 320. 972  |b COS 
100 |a Cosío Villegas, Daniel  |e (autor) 
245 1 0 |a CRITICA DEL PODER PERIODISMO REAL E IMAGINARIO DESDE 1968 /  |c DANIEL COSIO VILLEGAS 
264 |a MEXICO :  |b CLIO,  |c 1997 
300 |a 615p. 
336 |a texto  |b txt  |2 rdacontenido 
337 |a sin mediación  |b n  |2 rdamedio 
338 |a volumen  |b nc  |2 rdasoporte 
520 |a INDICE. 
649 |a XX 
650 |a Política -  |z México 
650 |a Poder Político 
650 |a Jefes de Estado Mexicanos 
910 |a Fondo General 
920 |a Impresos - Libros 
930 |a Colección General 
905 |a 101 
901 |a 052550  |b IT1  |c ACC  |i 052550  |u 20250521 
902 |a https://opac.biblio.iteso.mx/vufind/Record/000229644